书目信息 |
| 题名: |
语义分析方法与当代科学哲学的发展
|
|
| 作者: | 郭贵春 著 | |
| 分册: | ||
| 出版信息: | 北京 科学出版社 2014.03 |
|
| 页数: | 12,310页 | |
| 开本: | 24cm | |
| 丛书名: | 科学技术哲学文库 | |
| 单 册: | ||
| 中图分类: | N02 | |
| 科图分类: | ||
| 主题词: | 科学哲学 , 语义分析 , 语义分析--应用--科学哲学--研究 | |
| 电子资源: | ||
| ISBN: | 978-7-03-040123-6 | |
| 000 | 01198oam2 2200325 450 | |
| 001 | 0100140639 | |
| 005 | 20141020221434.0 | |
| 010 | @a978-7-03-040123-6@dCNY98.00 | |
| 100 | @a20140517d2014 em y0chiy50 ea | |
| 101 | 0 | @achi |
| 101 | 11 | @achi |
| 102 | @aCN@b110000 | |
| 105 | @ay z 000yy | |
| 106 | @ar | |
| 200 | 1 | @a语义分析方法与当代科学哲学的发展@Ayu yi fen xi fang fa yu dang dai ke xue zhe xue de fa zhan@b专著@f郭贵春著@Fguo gui chun zhu |
| 210 | @a北京@c科学出版社@d2014.03 | |
| 215 | @a12,310页@d24cm | |
| 225 | 2 | @a科学技术哲学文库 |
| 300 | @a2008年国家社会科学基金一般项目“语义分析方法与当代科学哲学的发展”(08BZX022) 教育部人文社会科学重点研究基地——山西大学科学技术哲学研究中心基金资助 | |
| 330 | @a本书讨论了语义分析方法通过规范性及计算化处理等具体论题渗入到自然科学中的过程,阐述了语义分析的语境论基础、演化趋势,以及在科学解释中的应用和必然趋势。 | |
| 461 | 0 | @1001003751410 |
| 540 | @a语义分析方法与当代科学哲学的发展 | |
| 606 | 0 | @a科学哲学 |
| 606 | 0 | @a语义分析 |
| 606 | 0 | @a语义分析@x应用@x科学哲学@x研究 |
| 690 | @aN02@v5 | |
| 701 | 0 | @a郭贵春@Aguo gui chun@4著 |
| 801 | @aCN | |
| 901 | @a001 | |
| 905 | @b1103692-4@dN02@eG790@f3@a241430 | |
| 语义分析方法与当代科学哲学的发展/郭贵春著.-北京:科学出版社,2014.03 |
| 12,310页;24cm.-(科学技术哲学文库) |
| 2008年国家社会科学基金一般项目“语义分析方法与当代科学哲学的发展”(08BZX022) 教育部人文社会科学重点研究基地——山西大学科学技术哲学研究中心基金资助 |
| ISBN 978-7-03-040123-6:CNY98.00 |
| 本书讨论了语义分析方法通过规范性及计算化处理等具体论题渗入到自然科学中的过程,阐述了语义分析的语境论基础、演化趋势,以及在科学解释中的应用和必然趋势。 |
| ● |
| 相关链接 |
|
|
|
正题名:语义分析方法与当代科学哲学的发展
索取号:N02/G790
 
预约/预借
| 序号 | 登录号 | 条形码 | 馆藏地/架位号 | 状态 | 备注 |
| 1 | 1103692 | 211036920 | 期刊室512/401自科库 133排2列3层/ [索取号:N02/G790] | 在馆 | |
| 2 | 1103693 | 211036939 | 期刊室512/401自科库 133排2列3层/ [索取号:N02/G790] | 在馆 | |
| 3 | 1103694 | 211036948 | 自科库401/401自科库 136排2列3层/ [索取号:N02/G790] | 在馆 |